Capitales à plus de 1000m d'altitude - Statistiques

Statistiques générales
  • Ce quiz a été pris 49 fois
  • Le résultat moyen est 11 sur 30
Statistiques - réponses
Hint Réponse % Correct
3650m La Paz
86%
2640m Bogota
81%
2240m Mexico
74%
2850m Quito
74%
1400m Katmandou
70%
2810m Sucre
56%
1795m Nairobi
53%
1023m Andorre-la-Vieille
44%
2355m Addis Abeba
42%
1172m Brasilia
42%
1200m Téhéran
42%
1791m Kaboul
40%
1339m Pretoria
37%
1567m Kigali
30%
1500m Guatemala
28%
2334m Thimphou
28%
1350m Oulan-Bator
26%
1172m San Jose
26%
1076m Dodoma
23%
1600m Maseru
23%
2325m Asmara
19%
1490m Harare
19%
1243m Mbabane
19%
1190m Kampala
16%
1276m Antananarivo
14%
1504m Gitega
14%
1655m Windhoek
14%
1279m Lusaka
12%
1050m Lilongwe
7%
2250m Sanaa
7%
Aucun quiz correspondant
Distribution des résultats
% des personnes avec chaque résultat
Percentile par nombre de réponses
Votre historique - résultats
Vous n’avez pas pris ce quiz